=LDR 00000nam 2200000 4500 =001 INLIS000000000014977 =005 20130612110246 =008 ***********************************Ind** =035 ##$$0010-061300000014977 =041 ##$$a Ind =082 ##$$a 635.13 =090 ##$$a 635.13, Ruk b =100 ##$$a Rukmana, Rahmad =245 ##$$a Bertanam wortel, Rahmad rukmana =260 ##$$a 1995 $b Yogyakarta =300 ##$$a 48 hlm, Ilus, 21 cm =650 ##$$a Bertanam wortel =850 ##$$a NBPNMAT =990 ##$$a 75117511 =990 ##$$a 01201807511 =990 ##$$a 00036885